00303nam a22000977a 450000500170000010000280001724500770004526000270012230000100014970000460015920260629122403.0 aSyed Zain ul Abdin Shah aA Study of Coefficient Bounds of MA-Minda Starlike and Convex Functions  aNawabshahbQUESTc2025 a109p. aDepartment of Mathematics and Statistics